<?xml version="1.0" encoding="UTF-8"?>
<record
    xmlns:xsi="http://www.w3.org/2001/XMLSchema-instance"
    xsi:schemaLocation="http://www.loc.gov/MARC21/slim http://www.loc.gov/standards/marcxml/schema/MARC21slim.xsd"
    xmlns="http://www.loc.gov/MARC21/slim">

  <leader>01628nam0a2200325 i 4500</leader>
  <controlfield tag="001">RU\NLR\BIBL_A\011334573</controlfield>
  <controlfield tag="005">20241103100807.0</controlfield>
  <datafield tag="021" ind1=" " ind2=" ">
    <subfield code="a">RU</subfield>
    <subfield code="b">2017-5528</subfield>
    <subfield code="9">388</subfield>
  </datafield>
  <datafield tag="035" ind1=" " ind2=" ">
    <subfield code="a">(NLR Aleph) 011334573</subfield>
  </datafield>
  <datafield tag="090" ind1=" " ind2=" ">
    <subfield code="a">11153927</subfield>
    <subfield code="c">11153927</subfield>
  </datafield>
  <datafield tag="100" ind1=" " ind2=" ">
    <subfield code="a">20170227d2016    km y0rusy50      ca</subfield>
  </datafield>
  <datafield tag="101" ind1="0" ind2=" ">
    <subfield code="a">rus</subfield>
  </datafield>
  <datafield tag="102" ind1=" " ind2=" ">
    <subfield code="a">RU</subfield>
  </datafield>
  <datafield tag="105" ind1=" " ind2=" ">
    <subfield code="a">y||||||||||||</subfield>
  </datafield>
  <datafield tag="200" ind1="1" ind2=" ">
    <subfield code="a">&#x421;&#x442;&#x440;&#x435;&#x43C;&#x43B;&#x435;&#x43D;&#x438;&#x435; &#x434;&#x443;&#x448;&#x438; &#x43A; &#x412;&#x441;&#x435;&#x432;&#x44B;&#x448;&#x43D;&#x435;&#x43C;&#x443; &#x410;&#x43B;&#x43B;&#x430;&#x445;&#x443; - &#x43E;&#x441;&#x43D;&#x43E;&#x432;&#x430; &#x434;&#x43E;&#x431;&#x440;&#x43E;&#x43F;&#x43E;&#x440;&#x44F;&#x434;&#x43E;&#x447;&#x43D;&#x43E;&#x433;&#x43E; &#x432;&#x43E;&#x441;&#x43F;&#x438;&#x442;&#x430;&#x43D;&#x438;&#x44F; &#x432; &#x438;&#x441;&#x43B;&#x430;&#x43C;&#x435;</subfield>
    <subfield code="e">[&#x434;&#x43E;&#x43A;&#x43B;&#x430;&#x434;]</subfield>
    <subfield code="f">&#x43F;&#x440;&#x43E;&#x444;&#x435;&#x441;&#x441;&#x43E;&#x440; &#x418;&#x440;&#x434;&#x438;&#x441; &#x425;&#x430;&#x43B;&#x438;&#x444;&#x430;</subfield>
    <subfield code="g">[&#x425;&#x430;&#x441;&#x430;&#x43D;&#x438;&#x439;&#x441;&#x43A;&#x438;&#x435; &#x447;&#x442;&#x435;&#x43D;&#x438;&#x44F;, &#x41A;&#x43E;&#x440;&#x43E;&#x43B;&#x435;&#x432;&#x441;&#x442;&#x432;&#x43E; &#x41C;&#x430;&#x440;&#x43E;&#x43A;&#x43A;&#x43E;]</subfield>
  </datafield>
  <datafield tag="210" ind1=" " ind2=" ">
    <subfield code="a">&#x41C;&#x43E;&#x441;&#x43A;&#x432;&#x430;</subfield>
    <subfield code="c">&#x410;&#x43B;&#x44C;-&#x412;&#x430;&#x441;&#x430;&#x442;&#x44B;&#x44F; - &#x443;&#x43C;&#x435;&#x440;&#x435;&#x43D;&#x43D;&#x43E;&#x441;&#x442;&#x44C;</subfield>
    <subfield code="d">2016</subfield>
  </datafield>
  <datafield tag="215" ind1=" " ind2=" ">
    <subfield code="a">23 &#x441;.</subfield>
    <subfield code="d">21</subfield>
  </datafield>
  <datafield tag="225" ind1="1" ind2=" ">
    <subfield code="a">&#x421;&#x435;&#x440;&#x438;&#x44F; "&#x418;&#x441;&#x43B;&#x430;&#x43C; &#x43F;&#x440;&#x43E;&#x442;&#x438;&#x432; &#x440;&#x430;&#x434;&#x438;&#x43A;&#x430;&#x43B;&#x438;&#x437;&#x43C;&#x430;"</subfield>
  </datafield>
  <datafield tag="300" ind1=" " ind2=" ">
    <subfield code="a">&#x41D;&#x430; &#x43E;&#x431;&#x43B;. &#x438; &#x432; &#x432;&#x44B;&#x43F;. &#x434;&#x430;&#x43D;. &#x430;&#x432;&#x442;.: &#x418;&#x434;&#x440;&#x438;&#x441; [&#x442;. &#x435;. &#x418;&#x440;&#x434;&#x438;&#x441;] &#x425;&#x430;&#x43B;&#x438;&#x444;&#x430;</subfield>
  </datafield>
  <datafield tag="300" ind1=" " ind2=" ">
    <subfield code="a">&#x412; &#x43D;&#x430;&#x434;&#x437;&#x430;&#x433;.: &#x41D;&#x430;&#x443;&#x447;.-&#x43F;&#x440;&#x43E;&#x441;&#x432;&#x435;&#x442;. &#x446;&#x435;&#x43D;&#x442;&#x440; "&#x410;&#x43B;&#x44C;-&#x412;&#x430;&#x441;&#x430;&#x442;&#x44B;&#x44F; - &#x443;&#x43C;&#x435;&#x440;&#x435;&#x43D;&#x43D;&#x43E;&#x441;&#x442;&#x44C;", &#x41D;&#x435;&#x43A;&#x43E;&#x43C;&#x43C;&#x435;&#x440;&#x447;. &#x431;&#x43B;&#x430;&#x433;&#x43E;&#x442;&#x432;&#x43E;&#x440;. &#x444;&#x43E;&#x43D;&#x434; &#x424;&#x43E;&#x43D;&#x434; &#x43F;&#x43E;&#x434;&#x434;&#x435;&#x440;&#x436;&#x43A;&#x438; &#x438;&#x441;&#x43B;&#x430;&#x43C;. &#x43A;&#x443;&#x43B;&#x44C;&#x442;&#x443;&#x440;&#x44B;, &#x43D;&#x430;&#x443;&#x43A;&#x438; &#x438; &#x43E;&#x431;&#x440;&#x430;&#x437;&#x43E;&#x432;&#x430;&#x43D;&#x438;&#x44F;</subfield>
  </datafield>
  <datafield tag="606" ind1=" " ind2=" ">
    <subfield code="a">&#x418;&#x441;&#x43B;&#x430;&#x43C;</subfield>
    <subfield code="9">1049283</subfield>
    <subfield code="3">RU\NLR\AUTH\6687295</subfield>
  </datafield>
  <datafield tag="686" ind1="2" ind2=" ">
    <subfield code="a">&#x42D;38,0</subfield>
  </datafield>
  <datafield tag="700" ind1=" " ind2="1">
    <subfield code="7">ca</subfield>
    <subfield code="8">rus</subfield>
    <subfield code="a">&#x425;&#x430;&#x43B;&#x438;&#x444;&#x430;</subfield>
    <subfield code="b">&#x418;.</subfield>
    <subfield code="g">&#x418;&#x440;&#x434;&#x438;&#x441;</subfield>
    <subfield code="9">171991</subfield>
    <subfield code="3">RU\NLR\AUTH\770172041</subfield>
  </datafield>
  <datafield tag="711" ind1="1" ind2="2">
    <subfield code="a">&#x425;&#x430;&#x441;&#x430;&#x43D;&#x438;&#x439;&#x441;&#x43A;&#x438;&#x435; &#x447;&#x442;&#x435;&#x43D;&#x438;&#x44F;</subfield>
    <subfield code="e">&#x41A;&#x430;&#x441;&#x430;&#x431;&#x43B;&#x430;&#x43D;&#x43A;&#x430;</subfield>
    <subfield code="f">1916</subfield>
    <subfield code="9">553996</subfield>
    <subfield code="3">RU\NLR\AUTH\880445161</subfield>
  </datafield>
  <datafield tag="942" ind1=" " ind2=" ">
    <subfield code="c">BOOK</subfield>
  </datafield>
  <datafield tag="980" ind1=" " ind2=" ">
    <subfield code="a">NBR</subfield>
  </datafield>
</record>
